| 000 | 01344nam a2200313 4500 | ||
|---|---|---|---|
| 001 | 317 | ||
| 003 | OSt | ||
| 005 | 20250326092019.0 | ||
| 008 | 250325b |||||||e |||| 00| e eng d | ||
| 040 | _bpor | ||
| 041 |
_hger _apor |
||
| 082 |
_a149.8 _bN677a |
||
| 100 | 1 |
_aNietzsche, Friedrich Wilhelm, _d1844-1900 _9633 |
|
| 240 | _aAlso sprach Zarathustra: Ein Buch für Alle und Keinen. | ||
| 245 |
_aAssim falava Zaratustra / _cNietzsche, Friedrich Wilhelm,; |
||
| 260 |
_aEspírito Santo _bFormar _c1978 |
||
| 300 | _a276 p. | ||
| 490 | 1 |
_aGrandes Mestres do Pensamento _vLivro 4 |
|
| 500 | _aVolume 4 da Coleção "Grande Mestres do Pensamentos". | ||
| 520 | _aAssim falava Zaratustra", o livro mais famoso e controverso de toda a obra nietzschiana, lança mão da figura semilendária do filósofo persa do século VI a.C. para desenvolver, em uma combinação de elementos narrativos, conceituais e líricos, os quatro grandes temas que formam o pensamento de Nietzsche: o super-homem, a “morte” de Deus, a vontade de poder e o eterno retorno. | ||
| 650 | 0 |
_aLiteratura Alemã _9365 |
|
| 650 | 0 |
_aCrítica social _9514 |
|
| 650 | 0 |
_aExistencialismo _9217 |
|
| 650 | 0 |
_aFilosofia _94 |
|
| 655 | 0 |
_aNão Ficção _9102 |
|
| 655 | 0 |
_aEnsaio _9417 |
|
| 830 |
_aGrandes Mestres do Pensamento _vvol. 4 _9596 |
||
| 942 |
_2ddc _n0 _cBK |
||
| 999 |
_c317 _d317 |
||